000 00614cam a22002173a 4500
001 45559
003 PGUSA
005 20140828084044.0
008 140502s2014||||xxu|||||s|||||000 | eng d
040 _aPGUSA
_beng
042 _adc
245 1 4 _aThe Pansy Magazine, February 1886
_h[electronic resource] /
_cVarious
260 _bProject Gutenberg,
_c2014
506 _aPublic domain in the USA.
516 _aElectronic text
700 1 _aPansy,
_d1841-1930
700 1 _aAlden, G. R.
_cMrs
_q(Isabella)
830 0 _aProject Gutenberg
_v45559
856 4 0 _uhttp://www.gutenberg.org/ebooks/45559
942 _cEB
999 _c274810
_d274810